[Event "TCh-FRA Top 16 GpB 2022"]
[Site "Chartres FRA"]
[Date "2022.06.09"]
[Round "1.1"]
[Board "1"]
[White "Erigaisi, Arjun"]
[Black "Vernay, Clovis"]
[Result "1/2-1/2"]
[WhiteTitle "GM"]
[BlackTitle "GM"]
[WhiteElo "2681"]
[BlackElo "2520"]
[WhiteTeam "Mulhouse Philidor"]
[BlackTeam "Lyon Olympique Echecs"]
[WhiteFideId "35009192"]
[BlackFideId "633046"]
[EventDate "2022.06.09"]

1. e4 e6 2. d4 d5 3. Nc3 Nf6 4. e5 Nfd7 5. f4 c5 6. Nf3 Nc6 7. Be3 Qb6 8. Na4
Qa5+ 9. c3 c4 10. Bd2 b5 11. Nc5 Nxc5 12. dxc5 Bxc5 13. b4 cxb3 14. axb3 Qb6 15.
b4 Bf2+ 16. Ke2 a6 17. g4 Qa7 18. Qb1 Bb6 19. Bg2 Qc7 20. Qd3 Bb7 21. Ra3 f6 22.
Nd4 Nxd4+ 23. cxd4 fxe5 24. dxe5 O-O 25. g5 Rac8 26. Rc3 Qe7 27. Rxc8 Rxc8 28.
Rf1 g6 29. h4 Qf7 30. h5 Qf5 31. hxg6 Qxd3+ 32. Kxd3 hxg6 33. Rh1 Rc4 34. Bf3
Rd4+ 35. Ke2 Rc4 36. Kd1 Rc7 37. Rh6 Rg7 38. Ke2 Bc6 39. Kd3 Be8 40. f5 Bf7 41.
f6 Rh7 42. Rxh7 Kxh7 43. Be3 Bc7 44. Bd4 Kg8 45. Bg4 Kf8 46. Bc3 Ke8 47. Bh3 Kd7
48. Bg4 Kc6 49. Bh3 Bb6 50. Bd4 Bc7 51. Bc3 Kb7 52. Bg4 Bd8 53. Bf3 Bb6 54. Bd4
Bc7 55. Bc3 1/2-1/2

[Event "TCh-FRA Top 16 GpB 2022"]
[Site "Chartres FRA"]
[Date "2022.06.09"]
[Round "1.1"]
[Board "2"]
[White "Marzolo, Cyril"]
[Black "Nihal, Sarin"]
[Result "0-1"]
[WhiteTitle "IM"]
[BlackTitle "GM"]
[WhiteElo "2378"]
[BlackElo "2654"]
[WhiteTeam "Lyon Olympique Echecs"]
[BlackTeam "Mulhouse Philidor"]
[WhiteFideId "608653"]
[BlackFideId "25092340"]
[EventDate "2022.06.09"]

1. d4 Nf6 2. c4 e6 3. Nf3 d5 4. Nc3 dxc4 5. e4 b5 6. e5 Nd5 7. Nxb5 Nb6 8. g3
Bb7 9. Bg2 Be7 10. O-O O-O 11. Qc2 Nc6 12. Qe4 Rb8 13. Qg4 Kh8 14. h4 Nb4 15.
Bg5 h6 16. Bxe7 Qxe7 17. Nd2 Bxg2 18. Kxg2 Qd7 19. Na3 Nd3 20. Rab1 Rfd8 21.
Rfd1 Qd5+ 22. Qe4 Qxe4+ 23. Nxe4 Rd7 24. d5 Rxd5 25. Nc3 Rd4 26. f4 c5 27. Kf3
Nd5 0-1

[Event "TCh-FRA Top 16 GpB 2022"]
[Site "Chartres FRA"]
[Date "2022.06.09"]
[Round "1.1"]
[Board "3"]
[White "Mendonca, Leon Luke"]
[Black "Crut, Aurelien"]
[Result "1-0"]
[WhiteTitle "GM"]
[BlackTitle "IM"]
[WhiteElo "2562"]
[BlackElo "2354"]
[WhiteTeam "Mulhouse Philidor"]
[BlackTeam "Lyon Olympique Echecs"]
[WhiteFideId "35028561"]
[BlackFideId "610569"]
[EventDate "2022.06.09"]

1. Nf3 d5 2. g3 Bg4 3. Bg2 c6 4. O-O Nd7 5. d3 e6 6. h3 Bh5 7. c4 Bd6 8. Nc3 Ne7
9. Qb3 O-O 10. e4 Nc5 11. Qc2 dxc4 12. dxc4 Bxf3 13. Bxf3 e5 14. Be3 Ng6 15.
Rfd1 Qe7 16. Bg4 Rfd8 17. Rd2 Bc7 18. Rad1 a5 19. h4 Ne6 20. Bxe6 Qxe6 21. Qb3
Rxd2 22. Rxd2 Qc8 23. h5 Nf4 24. Qd1 Qh3 25. Qf3 Qxh5 26. Qxh5 Nxh5 27. Rd7 Rc8
28. Bg5 h6 29. Be7 g6 30. Na4 b5 31. cxb5 cxb5 32. Nc3 Bb6 33. Kg2 Kg7 34. Nd5
Rc6 35. b3 Bc5 36. Bd8 a4 37. b4 Rd6 38. Rxd6 Bxd6 39. a3 f5 40. Nc3 Kf7 41.
Nxb5 Ke6 42. Nc3 Kd7 43. Bb6 Nf6 44. exf5 gxf5 45. Be3 h5 46. Nxa4 f4 47. gxf4
exf4 48. Bd4 Ne8 49. Kh3 Ke6 50. Kh4 Kf5 51. Nc5 Nc7 52. a4 Nd5 53. b5 Bc7 54.
Kxh5 f3 55. Nb3 Ke4 56. Bc5 Nc3 57. b6 Bxb6 58. Bxb6 Nxa4 59. Nc5+ 1-0

[Event "TCh-FRA Top 16 GpB 2022"]
[Site "Chartres FRA"]
[Date "2022.06.09"]
[Round "1.1"]
[Board "4"]
[White "Benitah, Yohan"]
[Black "Papadiamandis, Elliot"]
[Result "1/2-1/2"]
[WhiteTitle "IM"]
[BlackTitle "IM"]
[WhiteElo "2385"]
[BlackElo "2372"]
[WhiteTeam "Lyon Olympique Echecs"]
[BlackTeam "Mulhouse Philidor"]
[WhiteFideId "609560"]
[BlackFideId "36074160"]
[EventDate "2022.06.09"]

1. d4 Nf6 2. c4 g6 3. Nc3 d5 4. cxd5 Nxd5 5. Bd2 c5 6. e4 Nxc3 7. Bxc3 cxd4 8.
Bxd4 e5 9. Bc3 Qb6 10. Bc4 Bg7 11. Nf3 O-O 12. O-O Nc6 13. Qa4 Bg4 14. Nd2 Nd4
15. h3 Be6 16. Rfe1 1/2-1/2

[Event "TCh-FRA Top 16 GpB 2022"]
[Site "Chartres FRA"]
[Date "2022.06.09"]
[Round "1.1"]
[Board "5"]
[White "Rakotomaharo, Fy Antenaina"]
[Black "Rouler, Charly"]
[Result "1-0"]
[WhiteTitle "IM"]
[BlackTitle "FM"]
[WhiteElo "2466"]
[BlackElo "2346"]
[WhiteTeam "Mulhouse Philidor"]
[BlackTeam "Lyon Olympique Echecs"]
[WhiteFideId "13100050"]
[BlackFideId "621692"]
[EventDate "2022.06.09"]

1. e4 c5 2. Nf3 e6 3. d4 cxd4 4. Nxd4 a6 5. c4 Nf6 6. Nc3 d6 7. Be3 Be7 8. Be2
O-O 9. O-O b6 10. Qd2 Bb7 11. f3 Qc7 12. Rfc1 Rc8 13. a4 Qd8 14. Bf1 Nc6 15. Qf2
Nd7 16. Nxc6 Bxc6 17. Rab1 Rab8 18. b4 Ba8 19. Bd4 Bf6 20. Rd1 Qe7 21. Bxf6 Nxf6
22. Qd4 Rd8 23. Rb2 Qc7 24. Rbd2 Rd7 25. Qe3 Rbd8 26. g4 h6 27. g5 hxg5 28. Qxg5
a5 29. Nb5 Qc6 30. Rg2 Ne8 31. bxa5 bxa5 32. Rgd2 f6 33. Qe3 Nc7 34. Bh3 Kf7 35.
Kh1 Ke7 36. Rg1 Rg8 37. Nd4 Qxa4 38. Rb2 Qxc4 39. Rc2 Qa6 40. Rxc7 Rxc7 41. Bxe6
Rh8 42. Ba2 g5 43. Rxg5 Qf1+ 44. Rg1 Qh3 45. Qf4 Rd7 46. Be6 1-0

[Event "TCh-FRA Top 16 GpB 2022"]
[Site "Chartres FRA"]
[Date "2022.06.09"]
[Round "1.1"]
[Board "6"]
[White "Brailly-Vignal, Bastien"]
[Black "Burri, Quentin"]
[Result "1/2-1/2"]
[WhiteTitle "FM"]
[BlackTitle "IM"]
[WhiteElo "2361"]
[BlackElo "2402"]
[WhiteTeam "Lyon Olympique Echecs"]
[BlackTeam "Mulhouse Philidor"]
[WhiteFideId "658804"]
[BlackFideId "26028654"]
[EventDate "2022.06.09"]

1. d4 d5 2. c4 c6 3. Nc3 Nf6 4. cxd5 cxd5 5. Bg5 e6 6. Rc1 Be7 7. e3 O-O 8. Bd3
Nc6 9. Bb1 Bd7 10. Qd3 Nb4 11. Qd1 Nc6 12. Qd3 Nb4 13. Qd1 Nc6 1/2-1/2

[Event "TCh-FRA Top 16 GpB 2022"]
[Site "Chartres FRA"]
[Date "2022.06.09"]
[Round "1.1"]
[Board "7"]
[White "Sokolov, Andrei1"]
[Black "Astolfi, Frederic"]
[Result "1-0"]
[WhiteTitle "GM"]
[WhiteElo "2461"]
[BlackElo "2126"]
[WhiteTeam "Mulhouse Philidor"]
[BlackTeam "Lyon Olympique Echecs"]
[WhiteFideId "627089"]
[BlackFideId "601179"]
[EventDate "2022.06.09"]

1. e4 c6 2. d4 d5 3. Nd2 dxe4 4. Nxe4 Nf6 5. Nxf6+ gxf6 6. c3 Bf5 7. Nf3 e6 8.
g3 Qd5 9. Bg2 Qc4 10. Nh4 Bg6 11. Be3 Nd7 12. Qd2 Qd3 13. Qxd3 Bxd3 14. O-O-O
Bc4 15. b3 Bd5 16. c4 Bxg2 17. Nxg2 O-O-O 18. d5 cxd5 19. cxd5 Bc5 20. Rhe1 Rhe8
21. Nf4 exd5 22. Nxd5 Bxe3+ 23. Rxe3 Rxe3 24. fxe3 Re8 25. Rf1 Re6 26. Kd2 Rd6
27. e4 Kd8 28. Ke3 Ra6 29. Nb4 Rb6 30. Nd5 Ra6 31. Rf2 Rc6 32. Kd4 b5 33. h4 Ke8
34. h5 Kf8 35. h6 Rd6 36. Rc2 Nb6 37. Kc5 Rd7 38. Kc6 Rd8 39. Nxb6 axb6 40. Kxb5
Rd3 41. Kxb6 Rxg3 42. b4 Re3 43. Rc4 1-0

[Event "TCh-FRA Top 16 GpB 2022"]
[Site "Chartres FRA"]
[Date "2022.06.09"]
[Round "1.1"]
[Board "8"]
[White "Rollot, Florence"]
[Black "Navrotescu, Andreea"]
[Result "0-1"]
[BlackTitle "WIM"]
[WhiteElo "2015"]
[BlackElo "2350"]
[WhiteTeam "Lyon Olympique Echecs"]
[BlackTeam "Mulhouse Philidor"]
[WhiteFideId "26016060"]
[BlackFideId "675946"]
[EventDate "2022.06.09"]

1. Nf3 d5 2. c4 c6 3. b3 Nf6 4. Bb2 e6 5. g3 Bd6 6. Bg2 Nbd7 7. O-O e5 8. d3 O-O
9. cxd5 cxd5 10. Nc3 a6 11. Qc2 Nb8 12. a3 Nc6 13. Rac1 Bg4 14. Na4 Rc8 15. Qd1
Qe7 16. b4 a5 17. Nb6 Rcd8 18. b5 Nd4 19. Nxd4 exd4 20. f3 Be6 21. Qb3 Bc5 22.
Na4 b6 23. Rc2 h5 24. h4 Nd7 25. Bc1 Bd6 26. Kf2 Nc5 27. Nxc5 bxc5 28. Qa4 Qc7
29. f4 c4 30. Bf3 Qb6 31. Kg2 g6 32. Rd1 Rc8 33. Bb2 Bc5 34. Rdc1 Rfd8 35. Ba1
Rb8 36. Rb2 Qd6 37. Ra2 Bb6 38. Qd1 c3 39. a4 Rbc8 40. Qe1 Bf5 41. Qd1 Kh7 42.
Qb3 Qe6 43. Rac2 Rc7 44. Qa2 Re7 45. Kh2 Bg4 46. Rf1 Bc7 47. Qa3 Bd6 48. Qa2
Bxf3 49. Rxf3 Rde8 50. Qb1 Qxe2+ 51. Rxe2 Rxe2+ 52. Kh3 Re1 53. Qb3 R8e2 54. Rf2
Rxf2 55. Qxd5 Ree2 56. Qxf7+ Kh6 57. g4 Re3# 0-1

[Event "TCh-FRA Top 16 GpB 2022"]
[Site "Chartres FRA"]
[Date "2022.06.09"]
[Round "1.2"]
[Board "1"]
[White "Neiksans, Arturs"]
[Black "Di Nicolantonio, Lucas"]
[Result "1-0"]
[WhiteTitle "GM"]
[BlackTitle "IM"]
[WhiteElo "2590"]
[BlackElo "2382"]
[WhiteTeam "Les Tours des Hauts de France - St Quentin"]
[BlackTeam "Echiquier de l'Erdre"]
[WhiteFideId "11601388"]
[BlackFideId "680460"]
[EventDate "2022.06.09"]

1. Nf3 d5 2. g3 g6 3. Bg2 Bg7 4. d4 c6 5. O-O Nf6 6. a4 O-O 7. a5 Na6 8. c3 Bf5
9. Bf4 Qc8 10. Qb3 Nh5 11. Be3 Rb8 12. c4 dxc4 13. Qxc4 Bh3 14. Nc3 Nc7 15. Bg5
Bxg2 16. Kxg2 Qd7 17. e4 Kh8 18. Rad1 f5 19. Ne5 Qe8 20. Rfe1 f4 21. f3 e6 22.
g4 h6 23. Be7 Rg8 24. Bd6 1-0

[Event "TCh-FRA Top 16 GpB 2022"]
[Site "Chartres FRA"]
[Date "2022.06.09"]
[Round "1.2"]
[Board "2"]
[White "Duboue, Peio"]
[Black "Kulaots, Kaido"]
[Result "1-0"]
[WhiteTitle "FM"]
[BlackTitle "GM"]
[WhiteElo "2426"]
[BlackElo "2537"]
[WhiteTeam "Echiquier de l'Erdre"]
[BlackTeam "Les Tours des Hauts de France - St Quentin"]
[WhiteFideId "654833"]
[BlackFideId "4500261"]
[EventDate "2022.06.09"]

1. e4 c5 2. c3 d5 3. exd5 Qxd5 4. d4 g6 5. Nf3 Bg7 6. Na3 cxd4 7. Bc4 Qd8 8. Qb3
e6 9. Nb5 Ne7 10. Bf4 O-O 11. Nc7 Nbc6 12. Nxa8 e5 13. Bg5 h6 14. Bxe7 Qxe7 15.
Qa3 Qxa3 16. bxa3 dxc3 17. O-O e4 18. Ne1 Ne5 19. Be2 Bg4 20. Bxg4 Nxg4 21. h3
Ne5 22. Nc7 Rd8 23. Nc2 Rd2 24. Ne3 Nd3 25. Ncd5 Bd4 26. Rac1 Nxc1 27. Rxc1 Rxa2
28. Nxc3 Rxa3 29. Nxe4 Bxe3 30. fxe3 Rxe3 31. Nd6 Re6 32. Nxb7 Re7 33. Na5 Kg7
34. Rc8 h5 35. Kh2 h4 36. Nc6 Rb7 37. Ra8 Rb6 38. Ne5 Ra6 39. Rc8 Ra5 40. Nc6
Ra1 41. Ne5 Ra5 42. Nc4 Ra6 43. Nd2 Ra4 44. Rc7 g5 45. Nc4 a6 46. Nd6 Rf4 47.
Ra7 Kg6 48. Rxa6 f6 49. Nb5 Rf1 50. Nc3 Kg7 51. Nd5 Kg6 52. Ne3 Rf4 53. Kg1 Kg7
54. Nd5 Rf5 55. Ra7+ Kf8 56. Ne3 Rf4 57. Ng4 Kg8 58. Nh6+ Kf8 59. Rb7 Ke8 60.
Rf7 g4 61. hxg4 Rxg4 62. Nxg4 Kxf7 63. Kh2 Kg6 64. Kh3 1-0

[Event "TCh-FRA Top 16 GpB 2022"]
[Site "Chartres FRA"]
[Date "2022.06.09"]
[Round "1.2"]
[Board "3"]
[White "Godart, Francois"]
[Black "Real, Thibault"]
[Result "1-0"]
[WhiteTitle "IM"]
[BlackTitle "FM"]
[WhiteElo "2394"]
[BlackElo "2279"]
[WhiteTeam "Les Tours des Hauts de France - St Quentin"]
[BlackTeam "Echiquier de l'Erdre"]
[WhiteFideId "208078"]
[BlackFideId "205559"]
[EventDate "2022.06.09"]

1. d4 Nf6 2. c4 e6 3. g3 d5 4. Bg2 dxc4 5. Nf3 Nc6 6. Qa4 Bb4+ 7. Bd2 Nd5 8.
Bxb4 Nxb4 9. O-O Bd7 10. a3 b5 11. Qxb5 Nc2 12. Ra2 N6xd4 13. Qc5 Qe7 14. Qa5
Bc6 15. Nxd4 Nxd4 16. Bxc6+ Nxc6 17. Qa4 Qc5 18. Rc1 O-O 19. Rxc4 Qa5 20. Nc3
Qxa4 21. Nxa4 Na5 22. Rc3 Nb7 23. Rxc7 Nd6 24. Ra1 g6 25. Rac1 Rfd8 26. f3 Ne8
27. R7c6 Rd4 28. b4 Kg7 29. Kf2 h5 30. Ke3 Rd5 31. Nc3 Rd7 32. Ne4 Rb7 33. R1c5
Rd8 34. Ra5 Rd1 35. Rca6 Rc7 36. Rxa7 Rc2 37. Rc5 Rb2 38. Rc8 Nf6 39. Nxf6 Kxf6
40. Rcc7 Re1 41. Rxf7+ Kg5 42. h4+ 1-0

[Event "TCh-FRA Top 16 GpB 2022"]
[Site "Chartres FRA"]
[Date "2022.06.09"]
[Round "1.2"]
[Board "4"]
[White "Eugene, Floryan"]
[Black "Chabanon, Jean-Luc"]
[Result "1/2-1/2"]
[WhiteTitle "FM"]
[BlackTitle "GM"]
[WhiteElo "2373"]
[BlackElo "2429"]
[WhiteTeam "Echiquier de l'Erdre"]
[BlackTeam "Les Tours des Hauts de France - St Quentin"]
[WhiteFideId "20694784"]
[BlackFideId "600075"]
[EventDate "2022.06.09"]

1. e4 Nf6 2. e5 Nd5 3. d4 d6 4. c4 Nb6 5. exd6 cxd6 6. Nc3 g6 7. Be3 Bg7 8. Rc1
O-O 9. b3 Bf5 10. h3 d5 11. c5 Nc8 12. g4 Be6 13. Bg2 Nc6 14. Nge2 f6 15. O-O
Bf7 16. b4 a6 17. a3 e6 18. Qd2 N8e7 19. Bh6 g5 20. Bxg7 Kxg7 21. f4 Ng6 22. Na4
gxf4 23. Nxf4 Nxf4 24. Qxf4 e5 25. Qe3 Qe7 26. Rce1 e4 27. Nb6 Rad8 28. Qc3 Na7
29. a4 Nc8 30. Nxc8 Rxc8 31. Qg3 Be8 32. Rf5 Rd8 33. g5 Bg6 34. gxf6+ Rxf6 35.
Re5 Qf7 36. h4 Kh8 37. b5 axb5 38. axb5 Rg8 39. Rg5 h6 40. Rg4 Rf8 41. Qe3 Kh7
42. Rg3 Bh5 43. Kh1 Rf4 44. Kg1 Qf6 45. c6 bxc6 46. b6 Rb8 47. Rb1 Rb7 48. Qc3
Qxh4 49. Ra1 Rxb6 50. Qe3 Qf6 51. Ra7+ Bf7 52. Rh3 Rb1+ 53. Kh2 Rb2 54. Qg3 Rff2
55. Kh1 Rxg2 56. Rxf7+ Qxf7 57. Rxh6+ Kxh6 58. Qg6+ Qxg6 1/2-1/2

[Event "TCh-FRA Top 16 GpB 2022"]
[Site "Chartres FRA"]
[Date "2022.06.09"]
[Round "1.2"]
[Board "5"]
[White "Dionisi, Thomas"]
[Black "Hutois, Mickael"]
[Result "0-1"]
[WhiteTitle "IM"]
[BlackTitle "FM"]
[WhiteElo "2410"]
[BlackElo "2245"]
[WhiteTeam "Les Tours des Hauts de France - St Quentin"]
[BlackTeam "Echiquier de l'Erdre"]
[WhiteFideId "651893"]
[BlackFideId "652091"]
[EventDate "2022.06.09"]

1. e4 e5 2. Nf3 Nc6 3. Bb5 a6 4. Ba4 Nf6 5. d3 b5 6. Bb3 Bc5 7. Nc3 d6 8. Nd5 h6
9. c3 Ba7 10. O-O O-O 11. Nxf6+ Qxf6 12. Bd5 Bb7 13. d4 Rfb8 14. Be3 Ne7 15.
Bxb7 Rxb7 16. a4 b4 17. Qd3 a5 18. Qa6 Rbb8 19. Qc4 bxc3 20. bxc3 exd4 21. cxd4
d5 22. exd5 Qd6 23. Bd2 Bb6 24. Ne5 Qxd5 25. Qxd5 Nxd5 26. Nc6 Re8 27. Rfe1 Kf8
28. Kf1 Ne7 29. Nxe7 Rxe7 30. Bc3 Rd8 31. Rxe7 Kxe7 32. Re1+ Kd6 33. Re5 f6 34.
Re4 Kd5 35. Re7 Kc4 36. Be1 Kb3 37. Rxg7 Kxa4 38. Rh7 Kb3 39. Rxh6 a4 40. Rxf6
a3 41. Rf3+ Ka4 42. Bc3 Bxd4 43. Rd3 c5 44. h4 a2 45. Ba1 Rd5 46. Rd2 Kb3 47.
Rd3+ Kc2 48. Ra3 Kb1 49. Bxd4 Rxd4 50. Rb3+ Kc2 51. Ra3 Kb2 0-1

[Event "TCh-FRA Top 16 GpB 2022"]
[Site "Chartres FRA"]
[Date "2022.06.09"]
[Round "1.2"]
[Board "6"]
[White "Le Pen, Steven"]
[Black "Brochet, Philippe"]
[Result "0-1"]
[BlackTitle "IM"]
[WhiteElo "2079"]
[BlackElo "2390"]
[WhiteTeam "Echiquier de l'Erdre"]
[BlackTeam "Les Tours des Hauts de France - St Quentin"]
[WhiteFideId "612197"]
[BlackFideId "602469"]
[EventDate "2022.06.09"]

1. e4 c5 2. Nf3 d6 3. d4 cxd4 4. Nxd4 Nf6 5. Nc3 a6 6. Be3 Nbd7 7. f3 e5 8. Nb3
b5 9. a4 b4 10. Nd5 Rb8 11. Be2 Nxd5 12. Qxd5 Be7 13. a5 O-O 14. O-O Nf6 15. Qc6
Bb7 16. Qb6 Qc8 17. Rac1 d5 18. c3 Nd7 19. Qa7 Ra8 20. cxb4 Bc6 21. Bxa6 Qxa6
22. Qxa6 Rxa6 23. Nc5 Nxc5 24. Bxc5 Bxc5+ 25. Rxc5 dxe4 26. b5 Rxa5 27. Rxc6
exf3 28. Rxf3 Rxb5 29. Re3 g6 30. Rc7 f5 31. Rh3 Rf7 32. Rxf7 Kxf7 33. Rxh7+ Kf6
34. h4 Rxb2 35. h5 Rb1+ 36. Kf2 Rh1 37. h6 e4 38. Rh8 Kg5 39. h7 Kf6 40. g4 Kg7
41. Re8 Rxh7 42. gxf5 gxf5 43. Ke3 Kf7 44. Rb8 Rh3+ 45. Kf4 Rf3+ 46. Ke5 e3 47.
Rb7+ Kg6 48. Rb6+ Kg5 0-1

[Event "TCh-FRA Top 16 GpB 2022"]
[Site "Chartres FRA"]
[Date "2022.06.09"]
[Round "1.2"]
[Board "7"]
[White "Marcelin, Cyril"]
[Black "Prodhomme, Boris"]
[Result "1-0"]
[WhiteTitle "GM"]
[WhiteElo "2440"]
[BlackElo "2046"]
[WhiteTeam "Les Tours des Hauts de France - St Quentin"]
[BlackTeam "Echiquier de l'Erdre"]
[WhiteFideId "607274"]
[BlackFideId "640034"]
[EventDate "2022.06.09"]

1. d4 Nf6 2. Nf3 g6 3. Nc3 d5 4. Bf4 Bg7 5. Nb5 Na6 6. e3 O-O 7. h3 c6 8. Nc3
Nc7 9. Bd3 Nce8 10. O-O Nd6 11. Re1 Bf5 12. Be5 Nfe4 13. Bxe4 Bxe4 14. Nd2 Bf5
15. Bxg7 Kxg7 16. f3 Qb6 17. Na4 Qb5 18. b3 b6 19. e4 Be6 20. Qe2 dxe4 21. fxe4
Qxe2 22. Rxe2 Nb5 23. Nf3 Rad8 24. Rd1 f6 25. c4 Nc7 26. d5 Bc8 27. Nd4 Bb7 28.
Nc3 c5 29. Ncb5 cxd4 30. Nxc7 Bc8 31. e5 Rf7 32. e6 Rff8 33. Rxd4 f5 34. d6 1-0

[Event "TCh-FRA Top 16 GpB 2022"]
[Site "Chartres FRA"]
[Date "2022.06.09"]
[Round "1.2"]
[Board "8"]
[White "Ruhlmann, Helene"]
[Black "Monpeurt, Cyrielle"]
[Result "0-1"]
[BlackTitle "WFM"]
[WhiteElo "1787"]
[BlackElo "2172"]
[WhiteTeam "Echiquier de l'Erdre"]
[BlackTeam "Les Tours des Hauts de France - St Quentin"]
[WhiteFideId "20643209"]
[BlackFideId "677400"]
[EventDate "2022.06.09"]

1. d4 Nf6 2. c4 c5 3. d5 e6 4. Nc3 exd5 5. cxd5 d6 6. e4 g6 7. h3 a6 8. a4 Nbd7
9. Nf3 Bg7 10. Bd3 Nh5 11. Bg5 Bf6 12. Be3 Ne5 13. Nxe5 Bxe5 14. Qd2 O-O 15. g4
Ng7 16. f4 Bd4 17. Bxd4 cxd4 18. Nd1 f5 19. Nf2 fxe4 20. Nxe4 b6 21. O-O Ra7 22.
Rac1 Qh4 23. Nxd6 Bd7 24. Rf3 h5 25. g5 Bxh3 26. Qh2 Qg4+ 27. Rg3 Qxf4 28. Rxh3
Qxc1+ 29. Kg2 Qxb2+ 30. Kh1 Qc1+ 31. Qg1 Qc5 32. Ne4 Qxd5 33. Qg2 Kh8 34. Nf6
Qxg2+ 35. Kxg2 Ne8 36. Nxe8 Rxe8 37. Bxg6 Re5 38. Rxh5+ Kg8 39. Bd3 Rg7 40. Rh6
Rexg5+ 41. Kf2 Rf7+ 42. Ke2 Rg2+ 43. Kd1 Rff2 0-1

[Event "TCh-FRA Top 16 GpB 2022"]
[Site "Chartres FRA"]
[Date "2022.06.09"]
[Round "1.3"]
[Board "1"]
[White "Kirk, Ezra"]
[Black "Vocaturo, Daniele"]
[Result "0-1"]
[WhiteTitle "IM"]
[BlackTitle "GM"]
[WhiteElo "2457"]
[BlackElo "2608"]
[WhiteTeam "Echiquier Agenais"]
[BlackTeam "Clichy-Echecs-92"]
[WhiteFideId "600067"]
[BlackFideId "813192"]
[EventDate "2022.06.09"]

1. e4 e5 2. Nf3 Nc6 3. Bb5 a6 4. Bxc6 dxc6 5. O-O Bd6 6. d4 exd4 7. Qd2 d3 8.
Qxd3 f6 9. Qd4 Be6 10. Nbd2 Ne7 11. b3 O-O 12. Bb2 Bb4 13. Nc4 Qd5 14. c3 Qxd4
15. Nxd4 Bxc4 16. bxc4 Bd6 17. c5 Be5 18. Ne6 Rfe8 19. f4 Ng6 20. Nxg7 Kxg7 21.
fxe5 Nxe5 22. c4 Re6 23. Rad1 Rae8 24. Rd4 b6 25. cxb6 cxb6 26. c5 b5 27. Bc3
Kg6 28. h3 R8e7 29. Rd8 h5 30. Rfd1 Nf7 31. Rc8 Ng5 32. e5 fxe5 33. Ra8 Ne4 34.
Bb4 Nf6 35. Rxa6 Nd5 36. Be1 e4 37. a4 bxa4 38. Rxa4 e3 39. Ra6 e2 40. Rd3 Rf7
41. Rf3 Rxf3 42. gxf3 Nf4 43. h4 Nd3 0-1

[Event "TCh-FRA Top 16 GpB 2022"]
[Site "Chartres FRA"]
[Date "2022.06.09"]
[Round "1.3"]
[Board "2"]
[White "Amin, Bassem"]
[Black "Ternault, Mathieu"]
[Result "1-0"]
[WhiteTitle "GM"]
[BlackTitle "FM"]
[WhiteElo "2681"]
[BlackElo "2367"]
[WhiteTeam "Clichy-Echecs-92"]
[BlackTeam "Echiquier Agenais"]
[WhiteFideId "10601457"]
[BlackFideId "20641532"]
[EventDate "2022.06.09"]

1. e4 e6 2. d3 d5 3. Nd2 c5 4. g3 Nc6 5. Bg2 Nf6 6. Ngf3 g6 7. O-O Bg7 8. Re1
O-O 9. c3 a5 10. a4 b6 11. Nb1 e5 12. exd5 Nxd5 13. Na3 h6 14. Nc4 Re8 15. h4
Bg4 16. Qc2 Ra7 17. Nh2 Be6 18. Qe2 f5 19. h5 gxh5 20. Qxh5 Nf6 21. Qh4 Bd5 22.
Bxd5+ Nxd5 23. Qxd8 Rxd8 24. Ra3 Re7 25. Nf1 Re6 26. Kg2 Kf7 27. Rb3 Nce7 28.
Nfe3 Rd7 29. Rb5 h5 30. Nxd5 Nxd5 31. f4 Rde7 32. fxe5 Bxe5 33. d4 Bc7 34. Rxe6
Kxe6 35. dxc5 bxc5 36. Bh6 Rh7 37. Rxc5 f4 38. Bxf4 Nxf4+ 39. gxf4 Bxf4 40. Rxa5
Rc7 41. b3 h4 42. Rh5 Rg7+ 43. Kf3 Bc7 44. Rh6+ Kd7 45. Rxh4 Rg3+ 46. Ke2 Rxc3
47. b4 Kc6 48. Kd2 Rg3 49. Ne3 Bd8 50. Rc4+ Kb7 51. Nf5 Rh3 52. Kc2 Bf6 53. Nd6+
Ka7 54. a5 Be5 55. Nb5+ Kb7 56. Rc5 Bh8 57. Nd6+ Ka7 58. b5 Bd4 59. Rc4 Bg1 60.
Rc7+ Kb8 61. b6 Rh8 62. Rb7+ Ka8 63. Rd7 Kb8 64. Kd3 Bh2 65. Kc4 Bg1 66. Kb5 Bf2
67. Kc6 Bg1 68. Rb7+ Ka8 69. Rc7 Kb8 70. b7 1-0

[Event "TCh-FRA Top 16 GpB 2022"]
[Site "Chartres FRA"]
[Date "2022.06.09"]
[Round "1.3"]
[Board "3"]
[White "Fantinel, Thibault"]
[Black "Hamdouchi, Hicham"]
[Result "1/2-1/2"]
[WhiteTitle "IM"]
[BlackTitle "GM"]
[WhiteElo "2388"]
[BlackElo "2536"]
[WhiteTeam "Echiquier Agenais"]
[BlackTeam "Clichy-Echecs-92"]
[WhiteFideId "663395"]
[BlackFideId "9000011"]
[EventDate "2022.06.09"]

1. e4 c5 2. Nf3 Nc6 3. Bb5 e6 4. O-O Nge7 5. Re1 a6 6. Bf1 d5 7. exd5 Nxd5 8. d4
Nf6 9. Be3 Be7 10. dxc5 Qxd1 11. Rxd1 Ng4 12. Bf4 Bxc5 13. Bg3 f6 14. Nc3 e5 15.
Ne4 Be7 16. Nd6+ Bxd6 17. Rxd6 Nh6 18. Rd2 Nf5 19. Ne1 Be6 20. Nd3 O-O-O 21.
Rad1 Nxg3 22. hxg3 Bf5 23. c3 a5 24. f3 Kc7 25. g4 Bc8 26. Kf2 b6 27. b3 Rd6 28.
Nb2 Rxd2+ 29. Rxd2 e4 30. Nc4 exf3 31. gxf3 h5 32. gxh5 Rxh5 33. Kg3 Ne7 34. Nd6
Bd7 35. c4 Bc6 36. f4 Rh1 37. Bg2 Rg1 38. Nb5+ Bxb5 39. cxb5 Nf5+ 40. Kh2 Rc1
41. Bh3 Rc5 42. Rg2 Kd6 43. a4 Nd4 44. Rxg7 Rc2+ 45. Kg3 Rc3+ 46. Kh2 Rc2+ 47.
Kg3 Rc3+ 1/2-1/2

[Event "TCh-FRA Top 16 GpB 2022"]
[Site "Chartres FRA"]
[Date "2022.06.09"]
[Round "1.3"]
[Board "4"]
[White "Gharamian, Tigran"]
[Black "Le Hetet, Nicolas"]
[Result "1-0"]
[WhiteTitle "GM"]
[BlackTitle "FM"]
[WhiteElo "2602"]
[BlackElo "2372"]
[WhiteTeam "Clichy-Echecs-92"]
[BlackTeam "Echiquier Agenais"]
[WhiteFideId "13301527"]
[BlackFideId "634824"]
[EventDate "2022.06.09"]

1. e4 c5 2. Nf3 Nc6 3. d4 cxd4 4. Nxd4 e5 5. Nb5 d6 6. c4 Be7 7. N5c3 Be6 8. Nd5
Nf6 9. Nbc3 Rc8 10. Bd3 Nd4 11. Nxe7 Qxe7 12. b3 b5 13. Nxb5 Nxb5 14. cxb5 d5
15. exd5 Nxd5 16. O-O O-O 17. Re1 Qb4 18. Bb2 f6 19. Re4 Qd6 20. Rc4 Rfd8 21.
Bf1 Qf8 22. Rxc8 Rxc8 23. Rc1 Nf4 24. Rxc8 Bxc8 25. Bc1 Ne6 26. Qd5 Qe7 27. Qa8
Qc7 28. Be3 Kf7 29. Qxa7 Bb7 30. a4 1-0